| 000 | 00982cam a2200217 a 4500 | ||
|---|---|---|---|
| 001 | 000006422 | ||
| 005 | 20200929153929.0 | ||
| 008 | 761013s1975 ve 001 f spa | ||
| 040 |
_aDO-SdBNP _cDLC _dDLC |
||
| 082 |
_a863.6 _bP153L |
||
| 100 | 1 |
_aPalacios, Antonia. _d1915-2001. _917812 |
|
| 245 | 1 | 3 |
_aEl largo día ya seguro : _brelatos / _cAntonia Palacios. |
| 260 |
_aCaracas : _bMonte Avila, _c1975. |
||
| 300 |
_a128 p. ; _c18 cm. |
||
| 490 | 1 | _aContinente | |
| 505 | 0 | _aPrefacio -- Una lenta oscilación -- La llegada -- Un reborde de acero color violeta -- El sitio de la espera -- Una bandera ondeando con el viento -- Regiones indeterminadas -- Un caballero en el tren -- Algo había sido movido de su sitio -- Un extraño animal bocabajo -- Nueve minutos veintitrés segundos -- El largo día ya seguro. | |
| 650 | 4 |
_aNovela venezolana _93962 |
|
| 650 | 4 |
_aLiteratura venezolana _ySIGLO XXI _917361 |
|
| 830 | 0 |
_aContinente _95070 |
|
| 910 | _aCatalogación por copia / LC | ||
| 999 |
_c6217 _d6217 |
||